000 00643nam a2200241 i 4500
001 C2-0270262
003 PPAK
005 20180728000658.0
008 060809s2004 my |||| ||||| | may d
020 _a9830612945
040 _aPPAK
_beng
_cPPAK
_erda
082 0 4 _a297.124
_223
090 0 0 _a297.124
_bRIN
_dR
245 0 0 _aRingkasan shahih Al-Bukhari
264 1 _aBatu Caves, Selangor :
_bCrescent News ,
_c2004
300 _axix, 974 pages ;
_c25 cm
336 _2rdacontent
_atext
337 _2rdamedia
_aunmediated
338 _2rdacarrier
_avolume
650 1 0 _aHadith
700 1 _aAz-Zabidi, Imam,
_ecompile
942 _ddc
_cB
999 _c78810
_d78810